[Event "38. Open Ciudad de San Sebastián"]
[Site "San Sebastián ESP"]
[Date "2015.03.28"]
[Round "1.25"]
[White "Torres Ganuza, Fco. Javier"]
[Black "Al Azmi, Khalaf"]
[Result "1-0"]
[WhiteElo "2147"]
[BlackElo "1749"]
[PlyCount "89"]
[EventDate "2015.03.28"]
[EventType "swiss"]
[EventRounds "9"]
[EventCountry "ESP"]
[Source "lmi"]
[SourceDate "2015.03.28"]

1. d4 Nf6 2. c4 e5 3. dxe5 Ng4 4. Bf4 Nc6 5. Nf3 Bb4+ 6. Nc3 Qe7 7. Qd4 Bxc3+
8. bxc3 Qa3 9. Qd3 Qc5 10. e3 Ngxe5 11. Nxe5 Nxe5 12. Qd4 Qxd4 13. cxd4 Nc6 14.
Bxc7 Nb4 15. Kd2 a5 16. Kc3 Ke7 17. Bxa5 Nd5+ 18. cxd5 Rxa5 19. Bc4 b6 20. Kb4
Bb7 21. e4 Rha8 22. Bb3 Ba6 23. Rac1 Bd3 24. Rhd1 Be2 25. Rd2 Rb5+ 26. Kc3 Rc8+
27. Kb2 Rxc1 28. Kxc1 Bf1 29. f3 Ra5 30. Rc2 f6 31. g3 Kd8 32. Kd2 h5 33. Ke3
g5 34. f4 b5 35. e5 gxf4+ 36. gxf4 f5 37. Rc5 d6 38. Rc6 dxe5 39. dxe5 Ra3 40.
Kd4 Bc4 41. e6 Bxb3 42. axb3 Rxb3 43. d6 b4 44. Rb6 Rc3 45. Rb8+ 1-0

[Event "38. Open Ciudad de San Sebastián"]
[Site "San Sebastián ESP"]
[Date "2015.03.28"]
[Round "1.26"]
[White "Rull Costa, Baltasar"]
[Black "Aranaz Portugues, Jose Carlos"]
[Result "0-1"]
[WhiteElo "1747"]
[BlackElo "2121"]
[PlyCount "160"]
[EventDate "2015.03.28"]
[EventType "swiss"]
[EventRounds "9"]
[EventCountry "ESP"]
[Source "lmi"]
[SourceDate "2015.03.28"]

1. e4 e6 2. d4 d5 3. Nc3 Nf6 4. e5 Ng8 5. Nf3 c5 6. Ne2 Nc6 7. c3 Qb6 8. Qc2
Bd7 9. Be3 Rc8 10. dxc5 Bxc5 11. Bxc5 Qxc5 12. Qd2 Nge7 13. Ned4 Ng6 14. Nxc6
bxc6 15. Qd4 Qb6 16. Qxb6 axb6 17. Bd3 Nf4 18. Bf1 c5 19. g3 Ng6 20. Bd3 Bc6
21. Bxg6 hxg6 22. Nd2 Rh5 23. f4 g5 24. h4 gxf4 25. gxf4 Rf5 26. Rf1 Ke7 27. a4
Ra8 28. a5 Rxa5 29. Rxa5 bxa5 30. Nb3 a4 31. Nxc5 Rh5 32. Rh1 d4 33. Rh2 dxc3
34. bxc3 f6 35. exf6+ Kxf6 36. Nd3 Rb5 37. Nb4 Be8 38. Kd2 Bg6 39. Ke3 a3 40.
Ra2 Ra5 41. Nd3 Bxd3 42. Kxd3 Kf5 43. Ke3 Ra4 44. c4 Rxc4 45. Rxa3 Re4+ 46. Kf3
Rxf4+ 47. Kg3 e5 48. h5 Rg4+ 49. Kf3 e4+ 50. Kf2 Kf4 51. h6 gxh6 52. Rh3 Kg5
53. Ke3 Rh4 54. Rg3+ Kf5 55. Rg8 Rh3+ 56. Ke2 Ra3 57. Rf8+ Kg4 58. Rg8+ Kh4 59.
Re8 Ra4 60. Rg8 h5 61. Rg1 Ra3 62. Rg8 Kh3 63. Rg1 h4 64. Rh1+ Kg4 65. Rb1 Kf4
66. Kf2 Ra2+ 67. Kg1 h3 68. Rf1+ Kg3 69. Re1 Kf3 70. Rf1+ Ke3 71. Rf8 Rg2+ 72.
Kh1 Rg7 73. Kh2 Ke2 74. Re8 e3 75. Kxh3 Kd2 76. Rd8+ Ke1 77. Re8 e2 78. Re6 Rg5
79. Kh4 Rg1 80. Rd6 Kf2 0-1

[Event "38. Open Ciudad de San Sebastián"]
[Site "San Sebastián ESP"]
[Date "2015.03.28"]
[Round "1.27"]
[White "Al-hajiri, Bader"]
[Black "Sanchez Merino, Christian"]
[Result "1-0"]
[WhiteElo "2115"]
[BlackElo "1730"]
[PlyCount "35"]
[EventDate "2015.03.28"]
[EventType "swiss"]
[EventRounds "9"]
[EventCountry "ESP"]
[Source "lmi"]
[SourceDate "2015.03.28"]

1. e4 e5 2. Nf3 Nf6 3. d4 Nxe4 4. dxe5 Be7 5. Qd5 Ng5 6. Bxg5 Bxg5 7. Bc4 O-O
8. e6 Bf6 9. exf7+ Kh8 10. Nc3 Qe7+ 11. Kf1 c6 12. Qh5 g6 13. Qh6 d5 14. Bd3
Qxf7 15. Bxg6 Bg5 16. Qxg5 hxg6 17. Re1 Be6 18. Qe5+ 1-0

[Event "38. Open Ciudad de San Sebastián"]
[Site "San Sebastián ESP"]
[Date "2015.03.28"]
[Round "1.28"]
[White "Velte, Daniela"]
[Black "Cao Armillas, Jesus"]
[Result "0-1"]
[WhiteElo "1719"]
[BlackElo "2113"]
[PlyCount "76"]
[EventDate "2015.03.28"]
[EventType "swiss"]
[EventRounds "9"]
[EventCountry "ESP"]
[Source "lmi"]
[SourceDate "2015.03.28"]

1. Nf3 Nf6 2. c4 g6 3. g3 Bg7 4. Bg2 d6 5. O-O e5 6. Nc3 O-O 7. Qb3 Nbd7 8. d3
Nc5 9. Qc2 a5 10. Bg5 Ne6 11. Bd2 c6 12. Rad1 Qc7 13. Qc1 Re8 14. Bh6 Bh8 15.
d4 exd4 16. Nxd4 Nxd4 17. Rxd4 Bf5 18. Bf4 Qb6 19. Rxd6 Qb4 20. Rd4 Nd7 21. Bd6
Qb6 22. Rd2 Nc5 23. Bxc5 Qxc5 24. e4 Be6 25. Na4 Qxc4 26. Qxc4 Bxc4 27. Rc1
Bxa2 28. Nc5 a4 29. Nxb7 Reb8 30. Rd7 Be6 31. Rc7 Be5 32. Re7 Kf8 33. Rxe6 fxe6
34. Nc5 Ke7 35. Bh3 Bxb2 36. Rd1 Rd8 37. Rb1 a3 38. Bxe6 a2 0-1

[Event "38. Open Ciudad de San Sebastián"]
[Site "San Sebastián ESP"]
[Date "2015.03.28"]
[Round "1.29"]
[White "Martinez De Miguel, Pedro"]
[Black "Hussain, Hashem"]
[Result "1-0"]
[WhiteElo "2110"]
[BlackElo "1716"]
[PlyCount "60"]
[EventDate "2015.03.28"]
[EventType "swiss"]
[EventRounds "9"]
[EventCountry "ESP"]
[Source "lmi"]
[SourceDate "2015.03.28"]

1. e4 c5 2. Nf3 g6 3. d4 cxd4 4. Nxd4 Bg7 5. Nc3 Nc6 6. Nde2 Nf6 7. g3 O-O 8.
Bg2 d6 9. O-O a6 10. a4 Bg4 11. f3 Be6 12. Be3 Ne5 13. Bd4 Nc6 14. Bf2 d5 15.
Nf4 d4 16. Nxe6 fxe6 17. Ne2 e5 18. Qd2 Qc7 19. Bh3 Rad8 20. Nc1 Kh8 21. Nd3
Na5 22. b3 Nh5 23. Be1 Nc6 24. Qc1 b6 25. Bd2 a5 26. Rf2 Rd6 27. Bg5 Nd8 28.
Bh6 Rdf6 29. Bg4 Bxh6 30. Qxh6 Nf7 1-0

[Event "38. Open Ciudad de San Sebastián"]
[Site "San Sebastián ESP"]
[Date "2015.03.28"]
[Round "1.31"]
[White "Vinal Gutierrez, Pedro"]
[Black "Arocena Uria, Jaime"]
[Result "0-1"]
[WhiteElo "2100"]
[BlackElo "1692"]
[PlyCount "184"]
[EventDate "2015.03.28"]
[EventType "swiss"]
[EventRounds "9"]
[EventCountry "ESP"]
[Source "lmi"]
[SourceDate "2015.03.28"]

1. d4 e6 2. Bf4 d5 3. e3 Bd6 4. Bg3 Ne7 5. Bd3 f5 6. f4 c5 7. c3 Nbc6 8. Nf3
Ng6 9. Ne5 Ngxe5 10. fxe5 Be7 11. Qh5+ g6 12. Qd1 Qb6 13. Qb3 Qc7 14. Qc2 Bd7
15. O-O Rc8 16. Qf2 O-O 17. Nd2 Rf7 18. Nf3 h6 19. Nh4 Kh7 20. Rad1 Rcf8 21.
Qe2 Qd8 22. Nf3 g5 23. dxc5 Bxc5 24. b4 Bb6 25. b5 Ne7 26. Nd4 Ng6 27. c4 dxc4
28. Bxc4 Qe8 29. Kh1 Bc7 30. Qd3 Bxe5 31. Qb3 Rf6 32. Be1 Bb8 33. Bb4 R8f7 34.
Rd2 Ne5 35. a4 Nxc4 36. Qxc4 e5 37. Nf3 g4 38. Nh4 Be6 39. Qc3 Rc7 40. Qb2 Bc4
41. Rfd1 Rc8 42. Rd7+ Rf7 43. Qd2 Be6 44. Rxf7+ Qxf7 45. g3 Bc7 46. Rc1 Rd8 47.
Qc3 Bb8 48. Kg1 Qd7 49. Ng2 b6 50. Kf2 Qd5 51. Qc6 Bd6 52. Qxd5 Bxd5 53. Bxd6
Rxd6 54. Rd1 Rd7 55. e4 Be6 56. Rxd7+ Bxd7 57. exf5 Bxf5 58. Ne3 Be6 59. Ke2 h5
60. Nd1 Bb3 61. Nc3 Kg6 62. Kd3 Kf5 63. Ke3 Ke6 64. Ke4 Bc2+ 65. Ke3 Kd6 66.
Kd2 Bb3 67. Ne4+ Kd5 68. Ke3 Kc4 69. Nd6+ Kb4 70. Ke4 Bxa4 71. Nc8 Kxb5 72.
Nxa7+ Ka6 73. Nc8 b5 74. Nd6 b4 75. Nc4 Kb5 76. Nb2 b3 77. Kxe5 Kb4 78. Kd4 Bb5
79. Nd1 Ka3 80. Kc3 Be2 81. Ne3 Ka2 82. Nd5 Ka3 83. Kd2 Bc4 84. Ne3 Be6 85. Nd1
b2 86. Nc3 Bf5 87. Ke3 b1=Q 88. Nxb1+ Bxb1 89. Kf4 Bg6 90. Kg5 Be8 91. Kh4 Bd7
92. Kxh5 Kb3 0-1

[Event "38. Open Ciudad de San Sebastián"]
[Site "San Sebastián ESP"]
[Date "2015.03.28"]
[Round "1.32"]
[White "Ruiz Egana, Xabier"]
[Black "Troffiguer, Olivier"]
[Result "0-1"]
[WhiteElo "1686"]
[BlackElo "2092"]
[PlyCount "62"]
[EventDate "2015.03.28"]
[EventType "swiss"]
[EventRounds "9"]
[EventCountry "ESP"]
[Source "lmi"]
[SourceDate "2015.03.28"]

1. e4 c5 2. Nf3 Nc6 3. d4 cxd4 4. Nxd4 Nf6 5. Nc3 d6 6. Be2 e5 7. Nf3 h6 8. h3
Be7 9. O-O O-O 10. Be3 Be6 11. a3 Rc8 12. Bb5 a6 13. Bd3 b5 14. Qe2 Qc7 15. Nd2
d5 16. exd5 Nxd5 17. Nxd5 Bxd5 18. c4 bxc4 19. Bxc4 Nd4 20. Bxd4 Bxc4 21. Nxc4
exd4 22. b3 Bf6 23. Rad1 Rfe8 24. Qg4 Re6 25. Rd3 Rce8 26. Rf3 Re1 27. Rxf6
Rxf1+ 28. Kxf1 Qe7 29. Ne3 Qxf6 30. Nf5 d3 31. Qf3 Qa1+ 0-1

[Event "38. Open Ciudad de San Sebastián"]
[Site "San Sebastián ESP"]
[Date "2015.03.28"]
[Round "1.33"]
[White "Perez Calahorra, Ricardo"]
[Black "Crossland, Tomas"]
[Result "1-0"]
[WhiteElo "2090"]
[BlackElo "1678"]
[PlyCount "33"]
[EventDate "2015.03.28"]
[EventType "swiss"]
[EventRounds "9"]
[EventCountry "ESP"]
[Source "lmi"]
[SourceDate "2015.03.28"]

1. Nf3 d5 2. b3 c5 3. Bb2 Nc6 4. e3 e6 5. Bb5 Bd7 6. O-O Nf6 7. d4 a6 8. Bd3
Nb4 9. Be2 Rc8 10. a3 Nc6 11. Nbd2 Be7 12. Bd3 O-O 13. Qe2 Ne8 14. Ne5 Nxe5 15.
dxe5 f5 16. a4 g5 17. c4 1-0

[Event "38. Open Ciudad de San Sebastián"]
[Site "San Sebastián ESP"]
[Date "2015.03.28"]
[Round "1.34"]
[White "Espin Laborde, Jesus Maria"]
[Black "Encinas Encinas, Alvaro"]
[Result "0-1"]
[WhiteElo "1677"]
[BlackElo "2076"]
[PlyCount "96"]
[EventDate "2015.03.28"]
[EventType "swiss"]
[EventRounds "9"]
[EventCountry "ESP"]
[Source "lmi"]
[SourceDate "2015.03.28"]

1. e4 c5 2. Nf3 e6 3. d4 cxd4 4. Nxd4 Nf6 5. Nc3 Nc6 6. Be3 Bb4 7. Bd3 d5 8.
Nxc6 bxc6 9. exd5 cxd5 10. Bd2 O-O 11. O-O e5 12. Bg5 Bb7 13. a3 Bd6 14. Bf5
Bc7 15. Qe2 e4 16. Rfd1 Qd6 17. g3 Qe5 18. Bxf6 Qxf5 19. Bd4 Bc8 20. Rf1 Rd8
21. f3 Qg6 22. Rfe1 h5 23. Qg2 Bf5 24. Rad1 exf3 25. Qf2 h4 26. Qxf3 Bg4 27.
Qd3 Bxd1 28. Qxg6 fxg6 29. Nxd1 hxg3 30. hxg3 Bb6 31. c3 Bxd4+ 32. cxd4 Re8 33.
Rxe8+ Rxe8 34. Kf2 Re4 35. Nc3 Rxd4 36. Ke3 Rg4 37. Kf3 Rg5 38. Nb5 a6 39. Nd4
Re5 40. b4 Re1 41. a4 Ra1 42. a5 Rb1 43. Nc6 Kf7 44. Ke3 Ke6 45. Nd4+ Kd6 46.
Kd3 Rxb4 47. Kc3 Ra4 48. Nb3 Rg4 0-1

[Event "38. Open Ciudad de San Sebastián"]
[Site "San Sebastián ESP"]
[Date "2015.03.28"]
[Round "1.35"]
[White "Segovia Sanchez, Antonio"]
[Black "Lertxundi Azpiazu, Jon"]
[Result "1-0"]
[WhiteElo "2072"]
[BlackElo "1668"]
[PlyCount "65"]
[EventDate "2015.03.28"]
[EventType "swiss"]
[EventRounds "9"]
[EventCountry "ESP"]
[Source "lmi"]
[SourceDate "2015.03.28"]

1. d4 Nf6 2. Bf4 d5 3. e3 e6 4. Nf3 Bd6 5. Bg3 c6 6. Bd3 Qc7 7. Nbd2 Nbd7 8. c4
b6 9. Rc1 Bb7 10. cxd5 Nxd5 11. Ng5 Bxg3 12. hxg3 N7f6 13. a3 Nxe3 14. Qf3 Ned5
15. Nc4 Ba6 16. Ne5 Bxd3 17. Qxd3 Ne7 18. Nexf7 Rf8 19. Nxe6 Qd7 20. Nxf8 Kxf8
21. Ne5 Qd5 22. O-O c5 23. Rfd1 cxd4 24. Qxd4 Re8 25. Qf4 Qb3 26. Nd7+ Kf7 27.
Nxf6 gxf6 28. Rd7 Qxb2 29. Rxa7 Kg6 30. Rcc7 Qb1+ 31. Kh2 Qe1 32. Qg4+ Kh6 33.
Qd7 1-0

[Event "38. Open Ciudad de San Sebastián"]
[Site "San Sebastián ESP"]
[Date "2015.03.28"]
[Round "1.36"]
[White "Zendoia Solabarrieta, Ibon"]
[Black "Sadusea, Johnny"]
[Result "1/2-1/2"]
[WhiteElo "1667"]
[BlackElo "2071"]
[PlyCount "176"]
[EventDate "2015.03.28"]
[EventType "swiss"]
[EventRounds "9"]
[EventCountry "ESP"]
[Source "lmi"]
[SourceDate "2015.03.28"]

1. e4 c5 2. Nf3 d6 3. d4 cxd4 4. Nxd4 Nf6 5. Nc3 a6 6. Be2 e5 7. Nb3 Be7 8. O-O
b5 9. Bg5 Nbd7 10. Nd5 Bb7 11. Bxf6 Nxf6 12. Nxf6+ Bxf6 13. c4 O-O 14. Nd2 bxc4
15. Bxc4 d5 16. exd5 Bxd5 17. Qe2 Bb7 18. Ne4 Qb6 19. Nxf6+ Qxf6 20. Qg4 Rad8
21. Rad1 g6 22. Rxd8 Rxd8 23. Rd1 Kg7 24. Rxd8 Qxd8 25. h3 a5 26. b3 Qd2 27.
Qe2 Qc1+ 28. Kh2 Qf4+ 29. Kg1 Qc1+ 30. Kh2 Qg5 31. Qg4 Qd2 32. Qe2 Qf4+ 33. Kg1
h5 34. Qe3 Qf6 35. Qg3 Qd6 36. Be2 Kh7 37. Bf3 Bc8 38. Qg5 Be6 39. Qc1 Qd4 40.
Qc2 Bf5 41. Qc1 Be6 42. Qc2 Qa1+ 43. Kh2 Kg7 44. Be2 Qd4 45. Bc4 Bf5 46. Qe2
Kf6 47. Qe3 h4 48. Qh6 Be6 49. Qh8+ Ke7 50. Bxe6 Kxe6 51. Qe8+ Kf6 52. Qc6+ Kg7
53. Qf3 f5 54. Qe2 e4 55. Qc2 Qe5+ 56. Kg1 Kh6 57. Qd2+ f4 58. Qd8 g5 59. Qf8+
Kg6 60. Qg8+ Kf6 61. Qf8+ Kg6 62. Qg8+ Kh6 63. Qf8+ Qg7 64. Qd6+ Kh5 65. Qd1+
Kg6 66. Qd6+ Qf6 67. Qd2 Qa1+ 68. Kh2 Qe5 69. Kg1 f3 70. Qc2 Kg7 71. Qd2 Kh6
72. Qc2 Qd5 73. Qb2 Kg6 74. Qc2 Kh6 75. Qb2 Qd1+ 76. Kh2 Qd6+ 77. Kg1 Qe6 78.
Qd2 Qe7 79. Qxa5 Qd6 80. Qe1 Qd4 81. Qc1 Qd3 82. Qc6+ Kh5 83. Qe8+ Kh6 84. Qe6+
Kg7 85. Qe7+ Kg6 86. Qe8+ Kh6 87. Qf8+ Kg6 88. Qg8+ Kh6 1/2-1/2

[Event "38. Open Ciudad de San Sebastián"]
[Site "San Sebastián ESP"]
[Date "2015.03.28"]
[Round "1.37"]
[White "Gonzalez Pereira, Asier"]
[Black "Arri Martinez, Iker"]
[Result "1-0"]
[WhiteElo "2068"]
[BlackElo "1662"]
[PlyCount "117"]
[EventDate "2015.03.28"]
[EventType "swiss"]
[EventRounds "9"]
[EventCountry "ESP"]
[Source "lmi"]
[SourceDate "2015.03.28"]

1. d4 Nf6 2. Nf3 d6 3. Nc3 Nbd7 4. e4 e5 5. Bc4 Be7 6. O-O O-O 7. Re1 c6 8. a4
Qc7 9. b3 b6 10. Ba3 Re8 11. d5 c5 12. Nd2 Nf8 13. Bf1 a6 14. g3 Bg4 15. f3 Bd7
16. Qe2 Ng6 17. Bb2 Qc8 18. Nc4 Qc7 19. a5 b5 20. Nb6 Rab8 21. Nd1 Bd8 22. Ne3
Qa7 23. Nxd7 Qxd7 24. Nf5 Nxd5 25. Bh3 Ngf4 26. gxf4 Nxf4 27. Nh6+ gxh6 28.
Bxd7 Nxe2+ 29. Rxe2 Re7 30. Bf5 f6 31. Bc1 Rg7+ 32. Kf2 Rg5 33. Bxg5 hxg5 34.
c3 Kg7 35. h4 h6 36. hxg5 fxg5 37. Ke3 b4 38. c4 Bc7 39. Rh2 Rh8 40. Bd7 Rd8
41. Bc6 Rb8 42. Rah1 Rh8 43. Ra1 Rb8 44. Bd5 Kg6 45. Rah1 Rh8 46. Bb7 Bxa5 47.
Ra2 Bd8 48. Rxa6 Be7 49. Ra8 Rxa8 50. Bxa8 h5 51. Bc6 h4 52. Kf2 Kf7 53. Kg2
Ke6 54. Kh3 Kf6 55. Kg4 Ke6 56. Ra1 Kf6 57. Ra8 Ke6 58. Ra7 Kf6 59. Bd5 1-0

[Event "38. Open Ciudad de San Sebastián"]
[Site "San Sebastián ESP"]
[Date "2015.03.28"]
[Round "1.38"]
[White "Iturralde Prieto, Juan Cruz"]
[Black "Perez Pacheco, Ricardo"]
[Result "0-1"]
[WhiteElo "1651"]
[BlackElo "2058"]
[PlyCount "92"]
[EventDate "2015.03.28"]
[EventType "swiss"]
[EventRounds "9"]
[EventCountry "ESP"]
[Source "lmi"]
[SourceDate "2015.03.28"]

1. d4 Nf6 2. c4 e6 3. Nc3 Bb4 4. Bg5 d5 5. e3 O-O 6. Nf3 c6 7. Bd3 dxc4 8. Bxc4
Qa5 9. O-O Bxc3 10. Bxf6 Bxb2 11. Rb1 Ba3 12. Be5 Nd7 13. Qc2 Nxe5 14. Nxe5 Bd6
15. Qe4 Qc7 16. f4 Rb8 17. Bd3 f5 18. Qf3 Bxe5 19. fxe5 Qd8 20. Rfc1 Bd7 21.
Qf2 Qg5 22. Qf4 Qxf4 23. exf4 Rfd8 24. Bc4 Kf7 25. Kf2 Ke7 26. Rb2 Be8 27. Ke3
Rd7 28. Ba6 Rc7 29. Rcb1 b5 30. a4 Rb6 31. axb5 cxb5 32. Bxb5 Rcb7 33. Bxe8
Rxb2 34. Rxb2 Rxb2 35. Bc6 a5 36. Kd3 h6 37. Kc3 Rf2 38. Bf3 Kd7 39. Kb3 Kc7
40. Ka4 Rd2 41. d5 exd5 42. Kxa5 d4 43. Kb4 Rc2 44. Kb3 d3 45. h3 Rc1 46. Kb2
d2 0-1

[Event "38. Open Ciudad de San Sebastián"]
[Site "San Sebastián ESP"]
[Date "2015.03.28"]
[Round "1.39"]
[White "Abalia Patino, Aritz"]
[Black "Estevez Sacristan, Deva"]
[Result "1-0"]
[WhiteElo "2049"]
[BlackElo "1648"]
[PlyCount "77"]
[EventDate "2015.03.28"]
[EventType "swiss"]
[EventRounds "9"]
[EventCountry "ESP"]
[Source "lmi"]
[SourceDate "2015.03.28"]

1. e4 e6 2. Nf3 d5 3. Nc3 Nf6 4. e5 Nfd7 5. d4 c5 6. Bf4 Nc6 7. dxc5 Bxc5 8.
Bd3 Qb6 9. O-O Qxb2 10. Nb5 Qb4 11. Bd2 Qg4 12. Nc7+ Kd8 13. Nxa8 b6 14. h3 Qa4
15. Qe2 a6 16. Bg5+ f6 17. exf6 gxf6 18. Qxe6 Re8 19. Bxf6+ Nxf6 20. Qxf6+ Be7
21. Qf7 Qa5 22. Nc7 Rf8 23. Ne6+ Bxe6 24. Qxe6 Kc7 25. Ne5 Nxe5 26. Qxe7+ Nd7
27. Qxh7 Kd8 28. Rae1 Qc5 29. Qh4+ Kc7 30. c4 d4 31. Re7 Kc8 32. Qh7 Qd6 33.
Rfe1 Kc7 34. Rxd7+ Qxd7 35. Re7 Rd8 36. Bf5 Qxe7 37. Qxe7+ Kc6 38. Be4+ Rd5 39.
Bxd5# 1-0

[Event "38. Open Ciudad de San Sebastián"]
[Site "San Sebastián ESP"]
[Date "2015.03.28"]
[Round "1.40"]
[White "Jauregi Barandiaran, Jon"]
[Black "Lopez De Turiso, Jose Angel"]
[Result "0-1"]
[WhiteElo "1647"]
[BlackElo "2046"]
[PlyCount "72"]
[EventDate "2015.03.28"]
[EventType "swiss"]
[EventRounds "9"]
[EventCountry "ESP"]
[Source "lmi"]
[SourceDate "2015.03.28"]

1. e4 e5 2. Nf3 Nc6 3. Bc4 f5 4. d4 fxe4 5. Nxe5 d5 6. Bb5 Qd6 7. Qh5+ g6 8.
Nxg6 Qxg6 9. Qe5+ Kf7 10. Qxd5+ Be6 11. Qg5 Qxg5 12. Bxg5 Nxd4 13. Ba4 b5 14.
Be3 bxa4 15. Bxd4 Bg7 16. Bxg7 Kxg7 17. Nc3 Nf6 18. O-O-O a6 19. b3 Rab8 20. h3
h5 21. Rde1 Bf5 22. Nb1 Kf7 23. Na3 Rhg8 24. Reg1 Be6 25. c4 a5 26. Nc2 Nd7 27.
Nd4 Ne5 28. Nxe6 Kxe6 29. Kc2 Rbd8 30. Re1 Kf5 31. Re3 Nf3 32. g4+ hxg4 33.
hxg4+ Kf4 34. Rd1 Rxd1 35. Kxd1 Rxg4 36. Ke2 Rg1 0-1

[Event "38. Open Ciudad de San Sebastián"]
[Site "San Sebastián ESP"]
[Date "2015.03.28"]
[Round "1.41"]
[White "Fabregas, Oliver"]
[Black "Delbos, Jean-louis"]
[Result "1-0"]
[WhiteElo "2025"]
[BlackElo "1647"]
[PlyCount "27"]
[EventDate "2015.03.28"]
[EventType "swiss"]
[EventRounds "9"]
[EventCountry "ESP"]
[Source "lmi"]
[SourceDate "2015.03.28"]

1. Nf3 g6 2. g3 Bg7 3. Bg2 c6 4. O-O d6 5. d3 e5 6. e4 Nf6 7. Qe2 O-O 8. Nbd2
Bg4 9. h3 Bd7 10. Nc4 Qc7 11. Bg5 b5 12. Ne3 Qc8 13. Kh2 Nh5 14. Be7 1-0

[Event "38. Open Ciudad de San Sebastián"]
[Site "San Sebastián ESP"]
[Date "2015.03.28"]
[Round "1.43"]
[White "Segura Del Frago, Imanol"]
[Black "Sanmateu Juan, Sergio"]
[Result "1-0"]
[WhiteElo "2020"]
[BlackElo "1638"]
[PlyCount "63"]
[EventDate "2015.03.28"]
[EventType "swiss"]
[EventRounds "9"]
[EventCountry "ESP"]
[Source "lmi"]
[SourceDate "2015.03.28"]

1. e4 e6 2. Qe2 Be7 3. Nf3 d5 4. e5 c5 5. g3 Nc6 6. Bg2 Qc7 7. O-O Nh6 8. c4
O-O 9. d3 Nf5 10. Re1 Nfd4 11. Nxd4 Nxd4 12. Qd1 dxc4 13. dxc4 Rb8 14. Nc3 Rd8
15. Bf4 b5 16. Ne4 Bb7 17. Qh5 Bxe4 18. Bxe4 g6 19. Qg4 bxc4 20. h4 Rxb2 21. h5
Kg7 22. Kg2 Rh8 23. Bc1 Rb6 24. Qf4 g5 25. h6+ Kf8 26. Qd2 Qd8 27. Qa5 Qb8 28.
Ba3 Rb5 29. Rab1 Bd8 30. Bxc5+ Kg8 31. Qc3 Ba5 32. Qxa5 1-0

[Event "38. Open Ciudad de San Sebastián"]
[Site "San Sebastián ESP"]
[Date "2015.03.28"]
[Round "1.44"]
[White "Zuloaga Erauskin, Markel"]
[Black "Felizes, Paulo"]
[Result "1-0"]
[WhiteElo "1625"]
[BlackElo "2017"]
[PlyCount "69"]
[EventDate "2015.03.28"]
[EventType "swiss"]
[EventRounds "9"]
[EventCountry "ESP"]
[Source "lmi"]
[SourceDate "2015.03.28"]

1. d4 Nf6 2. Nf3 c5 3. e3 d5 4. Bd3 Bg4 5. Nbd2 Nc6 6. c3 e6 7. O-O Be7 8. e4
dxe4 9. Nxe4 cxd4 10. cxd4 O-O 11. Be3 Qd5 12. Nc3 Qh5 13. Be2 Bd6 14. h3 Bxh3
15. Ne5 Qf5 16. Bd3 Bg4 17. f3 Qh5 18. fxg4 Qh4 19. Rf3 Bxe5 20. Rh3 Qxg4 21.
Bxh7+ Kh8 22. Bf5+ Qxh3 23. Bxh3 Rad8 24. Ne2 Bxd4 25. Nxd4 Nxd4 26. Bxd4 e5
27. Qb3 Rxd4 28. Qxb7 Nd5 29. Re1 Nf4 30. Qxa7 f6 31. a4 Rd2 32. b4 Rfd8 33. b5
g5 34. Qf7 Nxh3+ 35. gxh3 1-0

[Event "38. Open Ciudad de San Sebastián"]
[Site "San Sebastián ESP"]
[Date "2015.03.28"]
[Round "1.45"]
[White "Fernandez Fernandez, Juan Carl"]
[Black "Arrondo Carbonell, Pablo"]
[Result "1-0"]
[WhiteElo "2016"]
[BlackElo "1620"]
[PlyCount "91"]
[EventDate "2015.03.28"]
[EventType "swiss"]
[EventRounds "9"]
[EventCountry "ESP"]
[Source "lmi"]
[SourceDate "2015.03.28"]

1. Nf3 d5 2. e3 c5 3. b3 Nf6 4. Bb2 g6 5. Bb5+ Bd7 6. Qe2 a6 7. Bxd7+ Nbxd7 8.
O-O Bg7 9. d3 O-O 10. Nbd2 Re8 11. c4 e5 12. cxd5 Nxd5 13. Rac1 Rc8 14. Ne4 Qb6
15. Nfd2 Bf8 16. Nc4 Qe6 17. Ng5 Qe7 18. Nf3 Bg7 19. Ba3 b5 20. Ncd2 f5 21. Rc2
e4 22. dxe4 fxe4 23. Ne1 Qg5 24. Nb1 Rc6 25. Bb2 Nb4 26. Rd2 Bxb2 27. Rxb2 Ne5
28. Nc3 Ng4 29. h3 Nh6 30. Rd2 Nf5 31. a3 Nh4 32. axb4 Rf6 33. Qg4 Qe5 34. Nd5
Rd6 35. Qxh4 Rxd5 36. Rxd5 Qxd5 37. bxc5 Qxc5 38. Qf6 Qb4 39. Qb2 a5 40. Nc2
Qd2 41. Qb1 Rc8 42. Nd4 a4 43. bxa4 bxa4 44. Qxe4 Qc3 45. Nb5 Qb3 46. Rb1 1-0

[Event "38. Open Ciudad de San Sebastián"]
[Site "San Sebastián ESP"]
[Date "2015.03.28"]
[Round "1.62"]
[White "Garcia Cruz, Jose Manuel"]
[Black "Arvidsson, Jonas"]
[Result "0-1"]
[WhiteElo "1342"]
[BlackElo "1926"]
[PlyCount "48"]
[EventDate "2015.03.28"]
[EventType "swiss"]
[EventRounds "9"]
[EventCountry "ESP"]
[Source "lmi"]
[SourceDate "2015.03.28"]

1. d4 Nf6 2. Nf3 c5 3. c4 cxd4 4. Nxd4 e5 5. Nf3 Nc6 6. Bg5 Qa5+ 7. Bd2 Bb4 8.
Nc3 Qc7 9. a3 Bxc3 10. Bxc3 Ne4 11. Qc2 Nxc3 12. Qxc3 O-O 13. e3 d6 14. Bd3 f5
15. Bc2 Kh8 16. O-O-O Be6 17. Ng5 Bg8 18. e4 Nd4 19. Rxd4 exd4 20. Qxd4 Qxc4
21. Qxd6 Rac8 22. Qd2 Rfd8 23. Qc3 Qa2 24. Rd1 Qa1+ 0-1

[Event "38. Open Ciudad de San Sebastián"]
[Site "San Sebastián ESP"]
[Date "2015.03.29"]
[Round "2.1"]
[White "Rodmacq, Clement"]
[Black "Vazquez Igarza, Renier"]
[Result "0-1"]
[WhiteElo "2021"]
[BlackElo "2596"]
[PlyCount "94"]
[EventDate "2015.03.28"]
[EventType "swiss"]
[EventRounds "9"]
[EventCountry "ESP"]
[Source "lmi"]
[SourceDate "2015.03.28"]

1. e4 c5 2. Nc3 e6 3. f4 a6 4. Nf3 b5 5. g3 Bb7 6. d3 d6 7. Bg2 Be7 8. O-O Nf6
9. h3 Nc6 10. g4 Nd7 11. a4 b4 12. Ne2 O-O 13. Ng3 Nd4 14. Nxd4 cxd4 15. Bd2 a5
16. b3 Rc8 17. Rc1 g6 18. Qe2 e5 19. f5 Bg5 20. Rfe1 Ba6 21. Nf1 Kg7 22. Nh2
Bxd2 23. Qxd2 Rc3 24. g5 f6 25. gxf6+ Nxf6 26. Rf1 Bc8 27. Ng4 gxf5 28. Qh6+
Kh8 29. exf5 Rc7 30. Kh1 Rg7 31. Be4 Nxg4 32. hxg4 Qg5 33. Qxg5 Rxg5 34. Rg1 h5
35. gxh5 Rxh5+ 36. Kg2 Bxf5 37. Rh1 Bxe4+ 38. dxe4 Rxh1 39. Rxh1+ Kg7 40. Kg3
Rf4 41. Re1 Kf6 42. Rh1 Rxe4 43. Rh6+ Kf5 44. Rxd6 Re3+ 45. Kf2 Rc3 46. Rd5
Rxc2+ 47. Ke1 Rb2 0-1

[Event "38. Open Ciudad de San Sebastián"]
[Site "San Sebastián ESP"]
[Date "2015.03.29"]
[Round "2.2"]
[White "Epishin, Vladimir"]
[Black "Segura Del Frago, Imanol"]
[Result "1-0"]
[WhiteElo "2563"]
[BlackElo "2020"]
[PlyCount "71"]
[EventDate "2015.03.28"]
[EventType "swiss"]
[EventRounds "9"]
[EventCountry "ESP"]
[Source "lmi"]
[SourceDate "2015.03.28"]

1. d4 e6 2. c4 b6 3. a3 Bb7 4. Nc3 Nf6 5. Nf3 Be7 6. d5 O-O 7. e4 exd5 8. cxd5
Re8 9. Be2 d6 10. O-O Nbd7 11. Nd4 Bf8 12. Qc2 Nc5 13. Bb5 Nfd7 14. b4 Na6 15.
Nc6 Qc8 16. Qa4 Ne5 17. Bf4 Bxc6 18. Bxc6 Nxc6 19. Qxc6 Rb8 20. Rfe1 Qb7 21.
Nb5 Qxc6 22. dxc6 Ra8 23. Rad1 f6 24. Bg3 Re7 25. f4 Nb8 26. Nd4 b5 27. e5 fxe5
28. fxe5 dxe5 29. Rxe5 a5 30. Rxb5 axb4 31. axb4 Na6 32. Ra5 Re4 33. b5 Bc5 34.
Bf2 Rd8 35. bxa6 Bxd4 36. Bxd4 1-0